النظم السياسية / (رقم التسجيلة. 114832)

تفاصيل مارك
000 -LEADER
fixed length control field 00502nam a22001697a 4500
005 - DATE AND TIME OF LATEST TRANSACTION
control field 20251108174649.0
008 - FIXED-LENGTH DATA ELEMENTS--GENERAL INFORMATION
fixed length control field 250721s2007 xx 000 0 ara d
082 14 - DEWEY DECIMAL CLASSIFICATION NUMBER
Classification number 321/مشه
100 1# - MAIN ENTRY--PERSONAL NAME
Personal name المشهداني، محمد كاظم
Relator term مؤلف
245 10 - TITLE STATEMENT
Title النظم السياسية /
250 ## - EDITION STATEMENT
Edition statement منقحة
264 1# - PRODUCTION, PUBLICATION, DISTRIBUTION, MANUFACTURE, AND COPYRIGHT NOTICE
Place of production, publication, distribution, manufacture القاهرة :
Name of producer, publisher, distributor, manufacturer العاتك لصناعة الكتاب،
Date of production, publication, distribution, manufacture, or copyright notice 2007.
300 ## - PHYSICAL DESCRIPTION
Extent 312 ص.
650 17 - SUBJECT ADDED ENTRY--TOPICAL TERM
Topical term or geographic name as entry element النظم السياسيه
942 ## - ADDED ENTRY ELEMENTS (KOHA)
Source of classification or shelving scheme Dewey Decimal Classification
Koha item type كتب
المقتنيات
حالة السحب حالة الفقدان مصدر التصنيف حالة التلف غير قابل للإعارة المكتبة الرئيسية المكتبة الحالية موقع الرف تاريخ التزويد الرقم المتسلسل Total Checkouts رقم الإستدعاء الباركود تاريخ آخر ظهور تاريخ الفاتورة نوع المادة (كوها)
    Dewey Decimal Classification     مكتبة أبو علندا العامة مكتبة أبو علندا العامة الإعارة 16/11/2008 1244018   321/مشه PLD00051225 28/07/2025 16/11/2008 كتب
    Dewey Decimal Classification     مكتبة الأميرة ايمان العامة مكتبة الأميرة ايمان العامة الإعارة 16/11/2008 1244020   321/مشه PLD00051227 28/07/2025 16/11/2008 كتب
    Dewey Decimal Classification     مكتبة الاميرة بديعة مكتبة الاميرة بديعة الإعارة 16/11/2008 1244021   321/مشه PLD00051228 28/07/2025 16/11/2008 كتب
    Dewey Decimal Classification     مكتبة الجويدة مكتبة الجويدة الإعارة 16/11/2008 1244022   321/مشه PLD00051229 28/07/2025 16/11/2008 كتب
    Dewey Decimal Classification     مكتبة الحسن العامة مكتبة الحسن العامة الإعارة 16/11/2008 1244023   321/مشه PLD00051230 28/07/2025 16/11/2008 كتب
Implemented & Customized by: BBB with SCIT (Smart Chains for Information Technology)

Powered by Koha